000 00815cab a2200253 4500
001 WB3447-15
008 090401t1998 xxu||||| |||| 00| 0 eng d
035 _a(Sirsi) u90230
041 _aeng
245 _aCongestion charges could face red light warns RICS
260 _c1998
350 _a0
490 _aRICS Press Release
_v(pr142) 8 December 1998, (2)
520 _aOutlines RICS concern over the government consultation paper on congestion charging. The RICS believes charging will encourage out-of-town development and deter shoppers.
650 _aCHARGING
650 _aCONGESTION CHARGING
650 _aCONSULTATION PAPERS
650 _aGOVERNMENT
650 _aRICS
650 _aTRAFFIC CONGESTION
690 _aENVIRONMENTAL AND LAND CONSULTANCY
942 _n0
948 _c10/12/1998
999 _c57174
_d57174